[Event "Nuremberg Zabo op 20th"]
[Site "Nuremberg"]
[Date "2018.09.19"]
[Round "5"]
[White "Forche, Peter"]
[Black "Albayrak, Melissa"]
[Result "1/2-1/2"]
[WhiteElo "1284"]
[BlackElo "1089"]
[PlyCount "23"]
[EventDate "2018.09.15"]
[EventType "swiss"]
[EventRounds "5"]
[EventCountry "GER"]
[SourceTitle "EXT 2020"]
[Source "ChessBase"]
[SourceDate "2019.10.17"]
[SourceVersion "1"]
[SourceVersionDate "2019.10.17"]
[SourceQuality "1"]

1. d4 d5 2. Bf4 Nc6 3. e3 Nf6 4. Nf3 Bf5 5. Bd3 Ne4 6. Nbd2 e6 7. c3 Be7 8. Qc2 Nxd2 9. Qxd2 Bxd3 10. Qxd3 0-0 11. 0-0-0 Re8 12. h4 1/2-1/2

[Event "Nuremberg Zabo op 20th"]
[Site "Nuremberg"]
[Date "2018.09.16"]
[Round "4"]
[White "Grossner, Josef"]
[Black "Forche, Peter"]
[Result "1-0"]
[WhiteElo "1576"]
[BlackElo "1284"]
[PlyCount "79"]
[EventDate "2018.09.15"]
[EventType "swiss"]
[EventRounds "5"]
[EventCountry "GER"]
[SourceTitle "EXT 2020"]
[Source "ChessBase"]
[SourceDate "2019.10.17"]
[SourceVersion "1"]
[SourceVersionDate "2019.10.17"]
[SourceQuality "1"]

1. e4 e6 2. d4 d5 3. e5 c5 4. c3 Nc6 5. Nf3 Bd7 6. Be2 cxd4 7. cxd4 Be7 8. 0-0 Nh6 9. Be3 Nf5 10. Nc3 a6 11. a3 0-0 12. Bd3 Nxe3 13. fxe3 f6 14. exf6 Bxf6 15. h3 g6 16. Qe2 Qe7 17. Rad1 b5 18. Kh1 Rae8 19. Bb1 Qd8 20. e4 Bc8 21. e5 Bg7 22. Qe3 Rf5 23. Bxf5 gxf5 24. Ne2 Ne7 25. Qg5 Ng6 26. Qh5 Qe7 27. Rc1 Rd8 28. Rc3 Rf8 29. Rfc1 Bd7 30. Rc7 Bh8 31. Ra7 Qg7 32. Ng5 f4 33. Nxe6 Qf7 34. Nxf8 f3 35. Qxf3 Qxf3 36. gxf3 Nxf8 37. Kg2 Kf7 38. Rxa6 Ne6 39. f4 Bg7 40. f5 1-0

[Event "Nuremberg Zabo op 19th"]
[Site "Nuremberg"]
[Date "2017.09.16"]
[Round "2"]
[White "Forche, Peter"]
[Black "Reichel, Rolf"]
[Result "0-1"]
[WhiteElo "1307"]
[BlackElo "1633"]
[PlyCount "84"]
[EventDate "2017.09.15"]
[EventType "swiss"]
[EventRounds "5"]
[EventCountry "GER"]
[SourceTitle "EXT 2022"]
[Source "ChessBase"]
[SourceDate "2021.10.06"]
[SourceVersion "1"]
[SourceVersionDate "2021.10.06"]
[SourceQuality "1"]

1. d4 d5 2. Bf4 c6 3. e3 Nf6 4. Bd3 e6 5. Nf3 Nh5 6. Bg3 Nxg3 7. hxg3 h6 8. Nbd2 Nd7 9. Qe2 c5 10. c3 c4 11. Bc2 Qc7 12. 0-0-0 b5 13. a3 a5 14. g4 b4 15. axb4 axb4 16. g5 bxc3 17. Bb1 cxd2+ 18. Qxd2 c3 19. Qxc3 Qxc3+ 20. bxc3 Ba6 21. Ne5 Nxe5 22. dxe5 Be2 23. Rd2 Ba3+ 24. Kc2 Bc4 25. Kd1 Ke7 26. gxh6 gxh6 27. Ba2 Bb5 28. Bb3 Bc5 29. Ra2 Rxa2 30. Bxa2 Ra8 31. Bb1 Rh8 32. Kd2 f6 33. exf6+ Kxf6 34. Rh3 Bf1 35. Rg3 h5 36. Rg6+ Kf7 37. g3 h4 38. gxh4 Rxh4 39. Rg1 Bb5 40. Rg6 Rh2 41. Rg3 Rxf2+ 42. Ke1 Rf1+ 0-1

[Event "Nuremberg Zabo op 17th"]
[Site "Nuremberg"]
[Date "2015.09.21"]
[Round "2"]
[White "Forche, Peter"]
[Black "Grasser, Stefan"]
[Result "0-1"]
[WhiteElo "1319"]
[BlackElo "1652"]
[PlyCount "120"]
[EventDate "2015.09.21"]
[EventType "swiss"]
[EventRounds "5"]
[EventCountry "GER"]
[SourceTitle "EXT 2018"]
[Source "ChessBase"]
[SourceDate "2017.10.13"]
[SourceVersion "1"]
[SourceVersionDate "2017.10.13"]
[SourceQuality "1"]

1. d4 e6 2. Bf4 Nf6 3. Nf3 b6 4. e3 Bb7 5. Nbd2 Be7 6. h3 d6 7. Be2 Nbd7 8. c3 Nd5 9. Bh2 c5 10. Qc2 N5f6 11. Bf4 Nh5 12. Bh2 f5 13. g4 fxg4 14. hxg4 Nhf6 15. Rg1 Nd5 16. g5 a6 17. g6 h6 18. Ne4 N7f6 19. Ned2 Rf8 20. e4 Nc7 21. e5 Nh5 22. exd6 Bxd6 23. Ne5 Qh4 24. Bg3 Nxg3 25. Rxg3 Bxe5 26. dxe5 Qf4 27. Nf3 0-0-0 28. Rd1 Nd5 29. Qb3 Kc7 30. c4 Nb4 31. a3 Rxd1+ 32. Bxd1 Qe4+ 33. Kf1 Nc6 34. Bc2 Qf4 35. Qe3 Qxc4+ 36. Bd3 Qb3 37. Qd2 Rd8 38. Bc2 Qc4+ 39. Qe2 Qf4 40. Qe3 Qxe3 41. fxe3 b5 42. Ke2 Ne7 43. Nd2 Nf5 44. Bxf5 exf5 45. Nf3 Re8 46. Rg1 Bxf3+ 47. Kxf3 Rxe5 48. Rd1 Re6 49. Rg1 Re4 50. Rd1 Rg4 51. Rd5 Kc6 52. Rxf5 Rxg6 53. e4 Rf6 54. Kf4 Kd7 55. e5 Rxf5+ 56. Kxf5 Ke7 57. Kf4 Ke6 58. Ke4 h5 59. b3 h4 60. b4 c4 0-1

[Event "Nuremberg Zabo op 16th"]
[Site "Nuremberg"]
[Date "2014.09.19"]
[Round "1"]
[White "Forche, Peter"]
[Black "Thuerauf, Peter"]
[Result "0-1"]
[WhiteElo "1294"]
[BlackElo "1775"]
[PlyCount "96"]
[EventDate "2014.09.19"]
[EventType "swiss"]
[EventRounds "5"]
[EventCountry "GER"]
[SourceTitle "EXT 2018"]
[Source "ChessBase"]
[SourceDate "2017.10.13"]
[SourceVersion "1"]
[SourceVersionDate "2017.10.13"]
[SourceQuality "1"]

1. d4 d5 2. Bf4 Bf5 3. Nf3 Nf6 4. e3 e6 5. Bd3 Bxd3 6. Qxd3 c6 7. Nbd2 Bd6 8. Bxd6 Qxd6 9. c3 Nbd7 10. 0-0 0-0 11. Rfe1 c5 12. e4 dxe4 13. Nxe4 Nxe4 14. Qxe4 Nf6 15. Qe5 Qxe5 16. Rxe5 cxd4 17. Nxd4 Rfd8 18. h3 Nd5 19. g3 Rac8 20. Rae1 Nb6 21. f4 g6 22. g4 Nc4 23. R5e2 a6 24. b3 Nb6 25. Rc2 Rxd4 26. f5 Rd6 27. c4 Nd7 28. Rce2 e5 29. Re4 f6 30. fxg6 hxg6 31. h4 Kg7 32. R1e2 Rh8 33. Rh2 Rd1+ 34. Kg2 Rd2+ 35. Kg3 Rxh2 36. Kxh2 Rxh4+ 37. Kg3 Rh1 38. Kg2 Rd1 39. Re2 Rd4 40. Kf3 Nc5 41. Re3 Ne6 42. Re2 Ng5+ 43. Kg3 Rd3+ 44. Kg2 Nh3 45. Kf1 Rd1+ 46. Re1 Rxe1+ 47. Kxe1 f5 48. gxf5 gxf5 0-1

[Event "Mittelfranken-ch QT"]
[Site "Mittelfranken"]
[Date "2014.04.18"]
[Round "7.13"]
[White "Dreiseitel, Werner"]
[Black "Forche, Peter"]
[Result "1-0"]
[WhiteElo "1551"]
[BlackElo "1358"]
[PlyCount "85"]
[EventDate "2014.04.16"]
[EventType "swiss"]
[EventRounds "7"]
[EventCountry "GER"]
[SourceTitle "EXT 2022"]
[Source "ChessBase"]
[SourceDate "2021.10.06"]
[SourceVersion "1"]
[SourceVersionDate "2021.10.06"]
[SourceQuality "1"]

1. d4 d5 2. c4 c6 3. Nc3 Nf6 4. Nf3 Bf5 5. e3 h6 6. cxd5 Nxd5 7. Qb3 Qb6 8. Qxb6 axb6 9. Bd2 Nxc3 10. Bxc3 e6 11. Bc4 Be4 12. Be2 Nd7 13. 0-0 Nf6 14. a3 Be7 15. Rad1 0-0 16. Ne5 Rfd8 17. Nc4 Nd5 18. Bd2 b5 19. Ne5 Bd6 20. Nd3 Bxd3 21. Bxd3 b6 22. h3 Ra7 23. Rc1 Rc8 24. Bxb5 c5 25. b4 Rcc7 26. bxc5 bxc5 27. dxc5 Rxc5 28. Rxc5 Bxc5 29. a4 Nc7 30. Rb1 Rb7 31. Bd3 Rxb1+ 32. Bxb1 Kf8 33. Bc3 Nd5 34. Be5 Nb4 35. Be4 Ke7 36. Bxg7 h5 37. Be5 Kd7 38. Bf3 h4 39. Kf1 Nc6 40. Bf6 Be7 41. Bxc6+ Kxc6 42. Bxe7 Kb6 43. Bd8+ 1-0

[Event "Mittelfranken-ch QT"]
[Site "Mittelfranken"]
[Date "2014.04.16"]
[Round "3.13"]
[White "Forche, Peter"]
[Black "Stohl, Tristan"]
[Result "0-1"]
[WhiteElo "1358"]
[BlackElo "1355"]
[PlyCount "110"]
[EventDate "2014.04.16"]
[EventType "swiss"]
[EventRounds "7"]
[EventCountry "GER"]
[SourceTitle "EXT 2022"]
[Source "ChessBase"]
[SourceDate "2021.10.06"]
[SourceVersion "1"]
[SourceVersionDate "2021.10.06"]
[SourceQuality "1"]

1. d4 f5 2. Bf4 e6 3. Nf3 Nf6 4. h3 b6 5. e3 Bb7 6. Nbd2 Nc6 7. Bd3 Be7 8. c3 Nd5 9. Bh2 Bf6 10. Qc2 Bg5 11. 0-0-0 Qe7 12. Rdg1 g6 13. Nxg5 Qxg5 14. Nf3 Qf6 15. g4 0-0-0 16. gxf5 exf5 17. Ne5 d6 18. Nf3 Ncb4 19. Qb1 Nxd3+ 20. Qxd3 Nb4 21. cxb4 Bxf3 22. Bg3 Bxh1 23. Rxh1 Qe6 24. a3 Qd5 25. Rf1 Qc6+ 26. Kd2 Kb8 27. Rc1 Qd5 28. Qc2 Rc8 29. Qd3 Rhe8 30. h4 Re7 31. Re1 Rce8 32. Re2 Kb7 33. Kc3 Qc6+ 34. Kd2 Qd5 35. Kc3 Qe4 36. Qd2 d5 37. Qe1 Re6 38. b5 c6 39. a4 Rc8 40. Kb3 Qd3+ 41. Ka2 cxb5 42. axb5 Qxb5 43. Ka3 Rec6 44. Qd2 Rc2 45. Qxc2 Rxc2 46. Rxc2 Qd3+ 47. Rc3 Qa6+ 48. Kb4 Qa5+ 49. Kb3 Qb5+ 50. Ka3 a5 51. Rc7+ Ka6 52. Rxh7 Qc4 53. b3 Qc2 54. b4 a4 55. b5+ Kxb5 0-1

[Event "Nuremberg Zabo op 15th"]
[Site "Nuremberg"]
[Date "2013.09.22"]
[Round "5"]
[White "Tschammer, Armin"]
[Black "Forche, Peter"]
[Result "0-1"]
[WhiteElo "1064"]
[BlackElo "1362"]
[PlyCount "52"]
[EventDate "2013.09.20"]
[EventType "swiss"]
[EventRounds "5"]
[EventCountry "GER"]
[SourceTitle "EXT 2016"]
[Source "ChessBase"]
[SourceDate "2015.10.08"]
[SourceVersion "1"]
[SourceVersionDate "2015.10.08"]
[SourceQuality "1"]

1. Nf3 d5 2. c4 c6 3. e3 Bf5 4. Nc3 Nf6 5. Be2 e6 6. 0-0 Bd6 7. d4 h6 8. c5 Be7 9. Ne5 Nbd7 10. f4 Qc7 11. a3 Ne4 12. Nxe4 Bxe4 13. Bd3 Nf6 14. Be2 Nd7 15. Bh5 g6 16. Bf3 f5 17. Nxg6 Rg8 18. Nxe7 Kxe7 19. Bxe4 dxe4 20. Qh5 Nf6 21. Qe2 Rg4 22. Rf2 Rag8 23. Bd2 Kd8 24. Kh1 Qg7 25. Rg1 h5 26. Be1 h4 0-1

[Event "Nuremberg Zabo op 14th"]
[Site "Nuremberg"]
[Date "2012.09.16"]
[Round "4"]
[White "Forche, Peter"]
[Black "Shen, Julian"]
[Result "1/2-1/2"]
[WhiteElo "1365"]
[BlackElo "1437"]
[PlyCount "124"]
[EventDate "2012.09.14"]
[EventType "swiss"]
[EventRounds "5"]
[EventCountry "GER"]
[SourceTitle "EXT 2018"]
[Source "ChessBase"]
[SourceDate "2017.10.13"]
[SourceVersion "1"]
[SourceVersionDate "2017.10.13"]
[SourceQuality "1"]

1. d4 d5 2. Bf4 Nf6 3. e3 e6 4. Nf3 c5 5. c3 Nc6 6. Nbd2 Be7 7. Bd3 0-0 8. Qc2 a6 9. h3 b5 10. a3 Bb7 11. 0-0 c4 12. Be2 a5 13. b4 axb4 14. axb4 Qb6 15. Ne5 Nxe5 16. Bxe5 Ra6 17. Qb2 Rfa8 18. Rfb1 Qa7 19. Rxa6 Qxa6 20. Bc7 Qc6 21. Ba5 Bd6 22. Nf3 Ne4 23. Nd2 Nxd2 24. Qxd2 Kf8 25. Bf3 Ke7 26. Re1 f5 27. g4 g6 28. g5 Kd7 29. Bg2 Bc7 30. Ra1 Bxa5 31. Rxa5 Rxa5 32. bxa5 Qd6 33. Qb2 Ba6 34. Bf1 f4 35. Kg2 fxe3 36. fxe3 Qf8 37. Qf2 Qxf2+ 38. Kxf2 Kd6 39. Ke1 e5 40. h4 exd4 41. exd4 Bc8 42. Kd2 Kc7 43. Bg2 Be6 44. Kc2 Kb7 45. a6+ Kxa6 46. Kb2 Ka5 47. Ka3 b4+ 48. cxb4+ Kb5 49. Bf1 Bf5 50. Bg2 Be4 51. Bf1 Bd3 52. Bg2 Be4 53. Bf1 Bf3 54. Bh3 c3 55. Bf1+ Kb6 56. Kb3 c2 57. Kxc2 Be4+ 58. Kc3 Bf5 59. Be2 Be6 60. Bd1 Bd7 61. Bb3 Bc6 62. Bd1 Bd7 1/2-1/2

[Event "Nuremberg Zabo op 14th"]
[Site "Nuremberg"]
[Date "2012.09.15"]
[Round "2.45"]
[White "Forche, Peter"]
[Black "Krasotin, Valentin"]
[Result "0-1"]
[WhiteElo "1365"]
[BlackElo "1623"]
[PlyCount "72"]
[EventDate "2012.09.14"]
[EventType "swiss"]
[EventRounds "5"]
[EventCountry "GER"]
[SourceTitle "EXT 2022"]
[Source "ChessBase"]
[SourceDate "2021.10.06"]
[SourceVersion "1"]
[SourceVersionDate "2021.10.06"]
[SourceQuality "1"]

1. d4 Nf6 2. Bf4 e6 3. e3 c5 4. c3 a6 5. Nf3 b5 6. a3 d5 7. Nbd2 Nbd7 8. Ne5 Nb6 9. Be2 Bd7 10. Ndf3 h6 11. h3 Rc8 12. 0-0 Na4 13. Qc2 cxd4 14. Nxd4 g5 15. Bh2 Bg7 16. Nxd7 Qxd7 17. Qb3 Nc5 18. Qd1 0-0 19. Rc1 Nfe4 20. f3 Nd6 21. Nb3 Na4 22. Qd2 Nc4 23. Bxc4 bxc4 24. Nd4 Nc5 25. Rb1 Bxd4 26. exd4 Nd3 27. Rfd1 f5 28. b3 f4 29. bxc4 dxc4 30. Rb6 Rb8 31. Rdb1 Qc7 32. Rxb8 Rxb8 33. Rxb8+ Qxb8 34. Kf1 Qb1+ 35. Ke2 Qh1 36. Bxf4 gxf4 0-1

[Event "Nuremberg Zabo op 13th"]
[Site "Nuremberg"]
[Date "2011.09.18"]
[Round "5"]
[White "Forche, Peter"]
[Black "Bunk, Karsten"]
[Result "0-1"]
[WhiteElo "1410"]
[BlackElo "2023"]
[PlyCount "85"]
[EventDate "2011.09.16"]
[EventType "swiss"]
[EventRounds "5"]
[EventCountry "GER"]
[SourceTitle "EXT 2013"]
[Source "ChessBase"]
[SourceDate "2012.11.22"]
[SourceVersion "1"]
[SourceVersionDate "2012.11.22"]
[SourceQuality "1"]

1. d4 Nf6 2. Bf4 d6 3. e3 g6 4. Nf3 Bg7 5. Nbd2 0-0 6. h3 Nbd7 7. c3 Re8 8. Be2 e5 9. dxe5 Nxe5 10. 0-0 b6 11. Re1 Bb7 12. a4 a6 13. Qc2 Nfd7 14. Nxe5 dxe5 15. Bh2 Nc5 16. b4 Ne6 17. Red1 Qe7 18. Bf3 c5 19. Bxb7 Qxb7 20. Ne4 Qe7 21. b5 axb5 22. axb5 f5 23. Rxa8 Rxa8 24. Nd2 Nc7 25. c4 Ne8 26. e4 Nd6 27. f3 Qe6 28. Qd3 Kf7 29. g4 Bh6 30. gxf5 gxf5 31. exf5 Nxf5 32. Re1 Bxd2 33. Rxe5 Qg6+ 34. Kf2 Nd4 35. Qxd2 Qf6 36. Qf4 Ra2+ 37. Kg3 Qxf4+ 38. Kxf4 Rxh2 39. Kg3 Rc2 40. Rd5 Ke6 41. Rg5 Nf5+ 42. Kg4 Rxc4+ 43. f4 0-1

[Event "Nuremberg Zabo op 10th"]
[Site "Nuremberg"]
[Date "2008.09.20"]
[Round "2"]
[White "Schwertler, Philipp"]
[Black "Forche, Peter"]
[Result "1-0"]
[WhiteElo "1945"]
[BlackElo "1371"]
[PlyCount "37"]
[EventDate "2008.09.19"]
[EventType "swiss"]
[EventRounds "5"]
[EventCountry "GER"]
[SourceTitle "EXT 2012"]
[Source "ChessBase"]
[SourceDate "2011.11.24"]
[SourceVersion "1"]
[SourceVersionDate "2011.11.24"]
[SourceQuality "1"]

1. d4 d5 2. c4 e6 3. Nc3 Nf6 4. Bg5 Be7 5. e3 Nbd7 6. Nf3 0-0 7. cxd5 Nxd5 8. Bxe7 Qxe7 9. Bd3 c6 10. 0-0 Rd8 11. Rc1 b6 12. Nxd5 cxd5 13. Rc7 Qd6 14. Qc2 Nf8 15. Ng5 Bd7 16. Bxh7+ Nxh7 17. Qxh7+ Kf8 18. Qh5 g6 19. Qh7 1-0

[Event "Nuremberg Zabo op 08th"]
[Site "Nuremberg"]
[Date "2006.09.24"]
[Round "4"]
[White "Zabarska, Natalia"]
[Black "Forche, Peter"]
[Result "1-0"]
[WhiteElo "1687"]
[BlackElo "1419"]
[PlyCount "53"]
[EventDate "2006.09.22"]
[EventType "swiss"]
[EventRounds "5"]
[EventCountry "GER"]
[SourceTitle "EXT 2018"]
[Source "ChessBase"]
[SourceDate "2017.10.13"]
[SourceVersion "1"]
[SourceVersionDate "2017.10.13"]
[SourceQuality "1"]

1. e4 e6 2. d3 Nc6 3. Nc3 d5 4. f4 dxe4 5. Nxe4 Be7 6. Nf3 Nf6 7. Nxf6+ Bxf6 8. c3 b6 9. d4 Bb7 10. Bd3 0-0 11. 0-0 Re8 12. Bd2 Ne7 13. Ng5 Ng6 14. h4 Bxg5 15. fxg5 Qd5 16. Rf2 Kf8 17. Qg4 e5 18. h5 Nh8 19. Bxh7 Ke7 20. dxe5 Kd8 21. Bf4 Bc8 22. Bf5 Bxf5 23. Qxf5 Qe6 24. Qe4 Rb8 25. Rd1+ Ke7 26. g6 Rbd8 27. Bg5+ 1-0

[Event "Nuremberg Zabo op 04th"]
[Site "Nuremberg"]
[Date "2002.09.28"]
[Round "2"]
[White "Forche, Peter"]
[Black "Tobisch, Alexander"]
[Result "1/2-1/2"]
[WhiteElo "1282"]
[BlackElo "1517"]
[PlyCount "49"]
[EventDate "2002.09.27"]
[EventType "swiss"]
[EventRounds "5"]
[EventCountry "GER"]
[SourceTitle "EXT 2003"]
[Source "ChessBase"]
[SourceDate "2002.11.25"]
[SourceVersion "1"]
[SourceVersionDate "2002.11.25"]
[SourceQuality "1"]

1. e4 g6 2. d4 Bg7 3. Nf3 d6 4. Be2 Nf6 5. Nc3 0-0 6. 0-0 e5 7. dxe5 dxe5 8. Qxd8 Rxd8 9. Nxe5 Nxe4 10. Nxe4 Bxe5 11. Bf3 Kg7 12. c3 Nc6 13. Be3 f5 14. Nc5 f4 15. Bxc6 bxc6 16. Bc1 Bf5 17. Re1 Rd5 18. Nb3 Bc2 19. f3 Re8 20. Bxf4 c5 21. Bxe5+ Rdxe5 22. Kf2 Kf7 23. Rxe5 Rxe5 24. Re1 Rd5 25. Ke3 1/2-1/2

[Event "Nuremberg Zabo op 04th"]
[Site "Nuremberg"]
[Date "2002.09.28"]
[Round "3"]
[White "Holland, Arthur"]
[Black "Forche, Peter"]
[Result "1-0"]
[WhiteElo "1634"]
[BlackElo "1282"]
[PlyCount "35"]
[EventDate "2002.09.27"]
[EventType "swiss"]
[EventRounds "5"]
[EventCountry "GER"]
[SourceTitle "EXT 2003"]
[Source "ChessBase"]
[SourceDate "2002.11.25"]
[SourceVersion "1"]
[SourceVersionDate "2002.11.25"]
[SourceQuality "1"]

1. e4 e6 2. d4 d5 3. Nc3 dxe4 4. Nxe4 Bd7 5. Nf3 Bc6 6. Bd3 Nd7 7. 0-0 Be7 8. Re1 Ngf6 9. Neg5 h6 10. Nh3 0-0 11. c4 b6 12. Qe2 Re8 13. Bd2 Bb7 14. Ne5 c5 15. Nxf7 Kxf7 16. Qxe6+ Kf8 17. Bg6 Ne5 18. Rxe5 1-0

[Event "Nuremberg-ch op 02nd"]
[Site "Nuremberg"]
[Date "2002.06.23"]
[Round "4"]
[White "Forche, Peter"]
[Black "Narr, Irmgard"]
[Result "0-1"]
[WhiteElo "1295"]
[BlackElo "1312"]
[PlyCount "142"]
[EventDate "2002.06.21"]
[EventType "swiss"]
[EventRounds "5"]
[EventCountry "GER"]
[SourceTitle "EXT 2006"]
[Source "ChessBase"]
[SourceDate "2005.11.24"]
[SourceVersion "1"]
[SourceVersionDate "2005.11.24"]
[SourceQuality "1"]

1. e4 e6 2. d4 d5 3. e5 c5 4. c3 Nc6 5. Nf3 Bd7 6. a3 Qb6 7. Be2 Nge7 8. b4 cxd4 9. cxd4 Nf5 10. Be3 g6 11. Nc3 Nxe3 12. fxe3 Bh6 13. Qd3 Ne7 14. e4 a6 15. exd5 Nxd5 16. Nxd5 exd5 17. Qd1 Rc8 18. 0-0 0-0 19. Kh1 Rfe8 20. Ng1 Be6 21. Bg4 Rc4 22. Bxe6 Rxe6 23. Ne2 Be3 24. Rf3 Bxd4 25. Nxd4 Rxd4 26. Qf1 Re7 27. Rf6 Qc7 28. Rc1 Qd7 29. Rd6 Qf5 30. Rd8+ Kg7 31. Qxf5 gxf5 32. g3 Rxe5 33. Kg2 f4 34. gxf4 Rxf4 35. Kh1 d4 36. Rg1+ Kf6 37. Rd6+ Re6 38. Rd5 h6 39. Rd1 Ree4 40. Rd6+ Kg5 41. Rd7 b6 42. Rg1+ Kf6 43. Rd6+ Re6 44. Rd5 Re5 45. Rd6+ Re6 46. Rd5 Ke7 47. Rc1 Re2 48. Rd1 Ke6 49. R5xd4 Rxd4 50. Rxd4 Ra2 51. Rh4 Rxa3 52. Rxh6+ f6 53. Rh4 Rb3 54. Kg2 Ke5 55. Kf2 f5 56. Rc4 f4 57. h4 Rh3 58. Rc6 Rxh4 59. Rxb6 Rh2+ 60. Kf3 Rb2 61. Rxa6 Rb3+ 62. Ke2 Rxb4 63. Ra5+ Ke4 64. Ra3 Rb2+ 65. Ke1 Rh2 66. Ra4+ Kf3 67. Ra3+ Kg4 68. Kd1 Rb2 69. Ra4 Kg3 70. Ra3+ f3 71. Ra8 Rb1+ 0-1

[Event "Nuremberg Zabo op 03rd"]
[Site "Nuremberg"]
[Date "2001.09.22"]
[Round "2"]
[White "Ross, Thomas"]
[Black "Forche, Peter"]
[Result "1-0"]
[WhiteElo "1861"]
[BlackElo "1315"]
[PlyCount "51"]
[EventDate "2001.09.21"]
[EventType "swiss"]
[EventRounds "5"]
[EventCountry "GER"]
[SourceTitle "EXT 2003"]
[Source "ChessBase"]
[SourceDate "2002.11.25"]
[SourceVersion "1"]
[SourceVersionDate "2002.11.25"]
[SourceQuality "1"]

1. e4 e5 2. Nf3 Nc6 3. Bc4 Bc5 4. b4 Bxb4 5. c3 Bc5 6. d4 exd4 7. cxd4 Bb6 8. 0-0 d6 9. Nc3 Na5 10. Re1 Nxc4 11. Qa4+ c6 12. Qxc4 Ne7 13. Bg5 0-0 14. d5 Qc7 15. Bxe7 Qxe7 16. dxc6 bxc6 17. Qxc6 Bb7 18. Nd5 Qd8 19. Qxb7 Rb8 20. Qc6 Bc5 21. Reb1 Qa5 22. Ne7+ Kh8 23. Qd5 Qa4 24. Rxb8 Rxb8 25. Ng5 Bxf2+ 26. Kh1 1-0